Welcome to CU Library Online Public Access Catalogue (OPAC)

Economic policies in Canada / (Record no. 5574)

MARC details
000 -LEADER
fixed length control field 00493nam a2200181 a 4500
001 - CONTROL NUMBER
control field 1940858
005 - DATE AND TIME OF LATEST TRANSACTION
control field 20250428150701.0
008 - FIXED-LENGTH DATA ELEMENTS--GENERAL INFORMATION
fixed length control field 860612s1986 onca b 001 0 eng
020 ## - INTERNATIONAL STANDARD BOOK NUMBER
International Standard Book Number 0409814199 (pbk.)
050 00 - LIBRARY OF CONGRESS CALL NUMBER
Classification number HC115
Item number .B774 1986
082 00 - DEWEY DECIMAL CLASSIFICATION NUMBER
Classification number 338.971
Edition information 19
100 1# - MAIN ENTRY--PERSONAL NAME
Personal name Bryan, Ingrid A.
245 10 - TITLE STATEMENT
Title Economic policies in Canada /
Statement of responsibility, etc. Ingrid A. Bryan.
250 ## - EDITION STATEMENT
Edition statement 2nd ed.
260 ## - PUBLICATION, DISTRIBUTION, ETC.
Place of publication, distribution, etc. Toronto :
Name of publisher, distributor, etc. Butterworths,
Date of publication, distribution, etc. c1986.
300 ## - PHYSICAL DESCRIPTION
Extent xi, 309 p. :
Other physical details ill. ;
Dimensions 23 cm.
942 ## - ADDED ENTRY ELEMENTS (KOHA)
Source of classification or shelving scheme Library of Congress Classification
Koha item type Books
Suppress in OPAC No
999 ## -
-- 5574
-- 5574
Holdings
Withdrawn status Lost status Source of classification or shelving scheme Damaged status Not for loan Collection Home library Current library Shelving location Date acquired Total checkouts Full call number Barcode Date last seen Copy number Price effective from Koha item type
    Library of Congress Classification     Non-fiction Undergraduate Library (Christ Temple) Undergraduate Library (Christ Temple) General stacks 04/28/2025   HC115 BRY ulct00002167 04/28/2025 1 04/28/2025 Books
    Library of Congress Classification     Non-fiction Undergraduate Library (Christ Temple) Undergraduate Library (Christ Temple) General stacks 04/28/2025   HC115 BRY ulct00002168 04/28/2025 1 04/28/2025 Books
© 2023-2024 Copyright: Central University Libraries. All Rights Reserved | Created by: Mahone Tech Office